| 000 | 00967nam a2200217 i 4500 | ||
|---|---|---|---|
| 001 | 192569 | ||
| 003 | ES-MaACL | ||
| 005 | 20250813233233.0 | ||
| 008 | 230131s1870 sp 000 0 spa d | ||
| 080 | _a621.4 | ||
| 100 | 1 |
_aRespaldiza, Domingo de. _9176332 |
|
| 245 | 1 | 0 |
_aSociedad en participación de don Domingo de Respaldiza y Compañía, titulada La Entelequia Industrial, fundada en Valladolid... / _cDomingo de Respaldiza. |
| 260 |
_aValladolid : _b[s.n.], _c1870. |
||
| 300 |
_a10 p. ; _c20 cm. |
||
| 594 | _aTít. tomado de p. 5; ; autor consta en p.4 y p. 10 | ||
| 594 | _aPrecede al tít., en p.1: Sr. D.[irector del Ateneo Científico... (ms.)] Valladolid 1º de abril de 1870 | ||
| 594 | _aEn p. 5: Esta sociedad, tiene por objeto hacer... los nuevos motores llamados entelequiágenos... | ||
| 650 | 7 |
_aMotores _2embne _9159468 |
|
| 852 | 4 |
_aES-MaACL _jT-134-F-5 _z- Enc. en un vol. facticio, falto de cub. original |
|
| 999 |
_c192569 _d192569 |
||